000
00263nam a2200109Ia 4500
008
220204s9999 xx 000 0 und d
082
_a
662.6
_b
GIL
100
_a
Gilchrist, J D
245
0
_a
Fuels and refractories
260
_a
London
_b
Pergamon
_c
1963
942
_c
BK
999
_c
24035
_d
24035